| 000 | 00524nam a2200145Ia 4500 | ||
|---|---|---|---|
| 008 | 170221s9999 xx 000 0 und d | ||
| 100 | _aYong-Dong Lai. | ||
| 245 | 2 | _aA Simple Joint Clock Synchronization and Localization Algorithm with Low Communication Overhead | |
| 245 | _cYong-Dong Lai, Ji-Ming Lin, Jin Ding, and Xiang Zhao. | ||
| 260 | _bJournal of Communications | ||
| 260 | _c2013 | ||
| 650 | _xCommunication | ||
| 650 | _xMedia Arts | ||
| 856 | _uhttp://www.jocm.us/index.php?m=content&c=index&a=lists&catid=159 | ||
| 999 |
_c310551 _d310551 |
||